Методы анализа финансовой отчётности применительно к ОАО "Томская судоходная компания"; Энергия молодых - экономике России; Ч. 3

Bibliographische Detailangaben
Parent link:Энергия молодых - экономике России: труды IX Международной научно-практической конференции студентов и молодых ученых, г. Томск, 19-22 мая 2008 г./ Томский политехнический университет (ТПУ) ; Вольное экономическое общество России ; Международный союз экономистов (МСЭ).— , 2008
Ч. 3.— 2008.— С. 103-104
1. Verfasser: Кобзева М. А.
Weitere Verfasser: Никулина И. Е. (научный руководитель)
Sprache:Russisch
Veröffentlicht: 2008
Schlagworte:
Format: MixedMaterials Buchkapitel
KOHA link:https://koha.lib.tpu.ru/cgi-bin/koha/opac-detail.pl?biblionumber=160554

MARC

LEADER 00000naa2a2200000 4500
001 160554
005 20231031155610.0
035 |a (RuTPU)RU\TPU\book\174102 
090 |a 160554 
100 |a 20090525d2008 k y0rusy50 ca 
101 0 |a rus 
102 |a RU 
200 1 |a Методы анализа финансовой отчётности применительно к ОАО "Томская судоходная компания"  |f М. А. Кобзева  |g науч. рук. И. Е. Никулина 
320 |a Библиогр.: 4 назв. 
461 1 |0 (RuTPU)RU\TPU\book\166087  |t Энергия молодых - экономике России  |o труды IX Международной научно-практической конференции студентов и молодых ученых, г. Томск, 19-22 мая 2008 г.  |f Томский политехнический университет (ТПУ) ; Вольное экономическое общество России ; Международный союз экономистов (МСЭ)  |d 2008 
463 0 |0 (RuTPU)RU\TPU\book\164805  |t Ч. 3  |v С. 103-104  |d 2008 
610 1 |a финансы 
610 1 |a отчётность 
610 1 |a анализ 
610 1 |a предприятия 
610 1 |a дедуктивный метод 
610 1 |a судоходные компании 
610 1 |a Томск 
610 1 |a бухгалтерский учет 
610 1 |a труды учёных ТПУ 
700 1 |a Кобзева  |b М. А. 
702 1 |a Никулина  |b И. Е.  |4 727 
801 1 |a RU  |b 63413507  |c 20090525  |g PSBO 
801 2 |a RU  |b 63413507  |c 20161124  |g RCR 
942 |c BK